00531nam a2200109Ia 4500008004100000100002300041245021300064260002900277300001800306650001500324856008200339160712s9999 xx 000 0 und d aCleto, Luna Sicat. cLuna Sicat CletoaFinding Genoa, Finding Myself Notes on Reading, Language, Travelling, and Mobility: (Pag-aapuhap sa Genoa, Pag-aapuhap ng Sarili Mga Tala sa Pagbabasa, sa Wika, sa Paglalakbay at Paglalayag) c2016bHumanities Diliman avol. 13 no. 1 xHUMANITIES uhttp://journals.upd.edu.ph/index.php/humanitiesdiliman/issue/view/528/showToc